000 00324nam a2200121 i 4500
001 bg
245 0 _aTechnologia konwersacyjnego przetwarzania danych :
_bpraca zbior. /
_cpod red. E. Niedzielskiej.
260 _aWarszawa,
_c1987.
040 _cBPK
041 _apol
942 _cKS
008 s pl f |000 0 pol
999 _c3494
_d3494
856 _uhttp://koha.tu.koszalin.pl/cgi-bin/koha/opac-detail.pl?biblionumber=3494
_yKatalog online BPK